| 000 | 00720cab a2200253 4500 | ||
|---|---|---|---|
| 001 | ABS45878 | ||
| 008 | 090401t1992 xxu||||| |||| 00| 0 eng d | ||
| 035 | _a(Sirsi) u55672 | ||
| 041 | _aeng | ||
| 100 | _aMcNichol, J. | ||
| 245 | 4 | _aThe tides of redevelopment | |
| 260 | _c1992 | ||
| 350 | _a0 | ||
| 490 |
_aSurveyor _v177(5178) 6 February 1992, 10-11(2) |
||
| 520 | _aReports on the progress made with Swansea`s Tawe Barrage, focus for redevelopment schemes in the city and valley. | ||
| 650 | _aSWANSEA | ||
| 650 | _aTAWE BARRAGE | ||
| 650 | _aTIDAL POWER | ||
| 650 | _aWALES | ||
| 650 | _aWEST GLAMORGAN | ||
| 690 | _aENVIRONMENTAL AND LAND CONSULTANCY-ENERGY | ||
| 942 | _n0 | ||
| 948 | _c04/03/1997 | ||
| 999 |
_c34032 _d34032 |
||